000 00461nam a2200121 a 4500
008 091224s1986 xx |||||||||||||| || u
050 _aPAPERS/STAFF
100 _aLongwe, S. H
245 1 0 _aReport on participation in the course on women, men and development
260 _c1986
350 _a0.00
995 _D0.00
_FCBU-MAIN LIBRARY (Kitwe)
_H1
_I0.00
_M1
_UAVAILABLE
_WDec 24, 2009
_ZUniversity Collection
999 _c56196
_d56196